Statistics for To All The Boys film trivia

Click here to take the quiz!

General Stats

  • This quiz has been taken 31 times
  • The average score is 8 of 15

Answer Stats

HintAnswer% Correct
main characterLara Jean Song Covey
92%
older sister of ^Margot Song Covey
88%
love interest of main characterPeter Kavinsky
84%
who was the main characters first kiss?Peter Kavinsky
84%
younger sister of main characterKitty Song Covey
80%
main characters half ethnicityKorean
72%
actor who plays main characters love interestNoah Centineo
64%
where the older sister goes to studyScotland
60%
actress who plays main characterLana Condor
32%
boyfriend of ^Josh Sanderson
28%
who is main characters crush at the start of the novel?Josh Sanderson
28%
dad of 3 sistersDan Covey
20%
step mom to be of 3 sistersTrina Rothschild
16%
main character and boyfriends songLets stay together
4%
how did main characters mom die?slipped and hit her head
4%

Score Distribution

Percentile by Number Answered

Percent of People with Each Score

Your Score History

You have not taken this quiz